Evaluation du programme de mathematiques: fin de sixieme 1989 et fin de cinquieme 1990

Sparad:
Bibliografiska uppgifter
Institutionell upphovsman: APMEP (Författare, medförfattare)
Materialtyp: Bok
Språk:franska
Publicerad: París Association des Professeurs de Mathematiques de l`Enseignement Public 1991
Ämnen:
Taggar: Lägg till en tagg
Inga taggar, Lägg till första taggen!

MARC

LEADER 00000nam a2200000 a 4500
001 UCX8143
003 CL-VaPUC
008 940126e19910000FR |||||||||||||||||fre|d
082 0 4 |a 510.7  |b APM  |2 21 
110 2 |a APMEP  |e author  |9 325199 
245 1 0 |a Evaluation du programme de mathematiques: fin de sixieme 1989 et fin de cinquieme 1990 
300 |a 157 p 
942 |c BK 
945 |d 19940126 00:00:00  |a mfernand 
260 |a París  |b Association des Professeurs de Mathematiques de l`Enseignement Public  |c 1991 
650 0 |a Matemáticas  |x Enseñanza  |9 875527 
583 |a last modification  |c 19940126 00:00:00  |k Rodrigo Vera 
999 |c 227743  |d 227741 
952 |0 0  |1 0  |4 0  |6 510_700000000000000_APM_1991  |7 0  |8 A  |9 226956  |a BIBMAT  |b BIBMAT  |d 2019-11-15  |h v.1  |i 2960192  |o 510.7 APM 1991  |p 2960192  |r 2025-01-07  |w 2019-11-15  |y BK  |k MAT 
952 |0 0  |1 0  |4 0  |6 510_700000000000000_APM_1991  |7 0  |8 A  |9 226957  |a BIBMAT  |b BIBMAT  |d 2019-11-15  |h p.2  |i 1344560  |o 510.7 APM 1991  |p 1344560  |r 2025-01-07  |w 2019-11-15  |y BK  |k MAT